000 00992nam a22003137a 4500
003 CHAP
005 20220329143536.0
008 100428s2000 us a r 00010 eng d
010 _a98278
011 _a99250
020 _a9780471321484
035 _a109935
040 _cCHAP
082 0 4 _a515
_bB28
_22000
100 1 _aBartle, Robert Gardner
_910624
245 1 0 _aIntroduction to real analysis
_c/by Robert G. Bartle and Donald R. Sherbert
250 _a3rd ed.
260 _aNew York, NY :
_bWiley,
_cc2000
300 _axi, 388 p. :
_bilus.
590 _aBATCH-UPD
_b10
_c20130110
_lUCH01
_h1717
590 _aBATCH-UPD
_b10
_c20130410
_lUCH01
_h1102
590 _aCONVERSION
_b10
_c20130109
_lUCH01
_h1354
650 1 4 _aAnalisis matematico.
_95988
650 1 4 _aFunciones de variables reales.
_943960
700 1 _aSherbert, Donald R.,
_9105641
901 _aBK
942 _cLIBRO
949 _a515 B28 2000
_bBC
_cLIBRO
_d33724002167918
_eLIBRO
_gI.250390
_h112415
_i109935
_si
_t$2,242.02
999 _c98278
_d98278